| 000 | 01177cam a22003617a 4500 | ||
|---|---|---|---|
| 001 | 14369604 | ||
| 003 | OSt | ||
| 005 | 20140310182930.0 | ||
| 008 | 060509s2005 ph b 000 0 tgl | ||
| 010 | _a 2005436282 | ||
| 020 | _a9715063322 | ||
| 040 |
_aDLC _cDLC _dDLC |
||
| 042 | _alcode | ||
| 050 | 0 | 0 |
_aPN 189 _b.B928 2005 |
| 082 |
_aFIL 808.04 _b.B928 2005 |
||
| 100 | 1 | _aBuensuceso, Teresita Suarez- | |
| 245 | 1 | 0 |
_aRetorika _bFilipino 3 : para sa antas tersyarya _cBuensuceso, Teresita Suarez, Espiritu, Jose Dakila |
| 250 | _aRev. ed. | ||
| 260 |
_aManila, Philippines _bUST Pub. House _c2005 |
||
| 300 |
_aviii, 224 p. _c24 cm. |
||
| 504 | _aIncludes bibliographical references (p. 223-224). | ||
| 520 | _aArt of using words in speaking and writing Tagalog language in the Philippines. | ||
| 521 | _aCollege Student | ||
| 526 | _c1210L-1700L | ||
| 541 | _j1 | ||
| 541 | _j2 | ||
| 546 | _aIn Tagalog. | ||
| 562 | _e2 | ||
| 700 | 1 | _aEspiritu, Jose Dakila. | |
| 906 |
_a7 _bcbc _corigode _d4 _encip _f20 _gy-gencatlg |
||
| 942 |
_2lcc _cBK _kFIL |
||
| 999 |
_c17524 _d17524 |
||